LEADER 04613nam 2200733Ia 450 001 9910458433603321 005 20200520144314.0 010 $a1-84769-398-9 010 $a1-282-65714-3 010 $a9786612657146 010 $a1-84769-267-2 024 7 $a10.21832/9781847692672 035 $a(CKB)2560000000012029 035 $a(EBL)543892 035 $a(OCoLC)645099480 035 $a(SSID)ssj0000399880 035 $a(PQKBManifestationID)12154803 035 $a(PQKBTitleCode)TC0000399880 035 $a(PQKBWorkID)10393773 035 $a(PQKB)11314382 035 $a(MiAaPQ)EBC543892 035 $a(DE-B1597)491457 035 $a(DE-B1597)9781847692672 035 $a(Au-PeEL)EBL543892 035 $a(CaPaEBR)ebr10393254 035 $a(CaONFJC)MIL265714 035 $a(EXLCZ)992560000000012029 100 $a20100407d2010 uy 0 101 0 $aeng 135 $aur|n|---||||| 181 $ctxt 182 $cc 183 $acr 200 00$aTesting the untestable in foreign language education$b[electronic resource] /$fedited by Amos Paran and Lies Sercu 210 $aBuffalo, NY $cMultilingual Matters$d2010 215 $a1 online resource (279 p.) 225 1 $aNew perspectives on language and education ;$v17 300 $aDescription based upon print version of record. 311 $a1-84769-265-6 311 $a1-84769-266-4 320 $aIncludes bibliographical references. 327 $tFrontmatter -- $tContents -- $tContributors -- $t1. More than Language: The Additional Faces of Testing and Assessment in Language Learning and Teaching -- $tPart 1: Intercultural Competence -- $t2. Assessing Intercultural Competence: More Questions than Answers -- $t3. Interculturally Savvy or Not? Developing and Assessing Intercultural Competence in the Context of Learning for Business -- $t4. Eliciting the Intercultural in Foreign Language Education at School -- $t5. Measuring Autonomy: Should We Put Our Ability to the Test? -- $t6. Assessment of Autonomy or Assessment for Autonomy? Evaluating Learner Autonomy for Formative Purposes -- $t7. Learners Reflecting on Learning: Evaluation versus Testing in Autonomous Language Learning -- $t8. Between Scylla and Charybdis: The Dilemmas of Testing Language and Literature -- $t9. Crossing the Bridge from Appreciative Reader to Reflective Writer: The Assessment of Creative Process -- $t10. The Taming of the Immeasurable: An Empirical Assessment of Language Awareness -- $t11. Assessing Language and Content: A Functional Perspective -- $t12. Teachers and Texts: Judging What English Language Learners Know From What They Say -- $t13. Towards Systematic and Sustained Formative Assessment of Causal Explanations in Oral Interactions 330 $aThe testing and assessment of language competence continues to be a much debated issue in foreign language teaching and research. This book is the first one to address the testing of four important dimensions of foreign language education which have been left largely unconsidered: learner autonomy, intercultural competence, literature and literary competence, and the integration of content and language learning. Each area is considered through a theoretical framework, followed by two empirical studies, raising questions of importance to all language teachers: How can one test literary competence? Can intercultural competence be measured? What about the integrated assessment of content-and-language in CLIL and teaching? Is progress in autonomous learning skill gaugeable? The book constitutes essential reading for anyone interested in the testing and assessment of seemingly largely untestable aspects of foreign language competence. 410 0$aNew perspectives on language and education ;$v17. 606 $aLanguage and languages$xStudy and teaching$xEvaluation 606 $aIntercultural communication$xEvaluation 606 $aMulticultural education$xEvaluation 606 $aCommunicative competence$xEvaluation 608 $aElectronic books. 615 0$aLanguage and languages$xStudy and teaching$xEvaluation. 615 0$aIntercultural communication$xEvaluation. 615 0$aMulticultural education$xEvaluation. 615 0$aCommunicative competence$xEvaluation. 676 $a418.0076 686 $aES 847$2rvk 701 $aParan$b Amos$01030010 701 $aSercu$b Lies$01028240 801 0$bMiAaPQ 801 1$bMiAaPQ 801 2$bMiAaPQ 906 $aBOOK 912 $a9910458433603321 996 $aTesting the untestable in foreign language education$92446707 997 $aUNINA LEADER 01759nam 2200397Ia 450 001 996386317003316 005 20221108091554.0 035 $a(CKB)4940000000077662 035 $a(EEBO)2240942395 035 $a(OCoLC)12545364 035 $a(EXLCZ)994940000000077662 100 $a19850913d1687 uy | 101 0 $aeng 135 $aurbn||||a|bb| 200 10$aTwo discourses concerning the adoration of a B. Saviour in the H. Eucharist$b[electronic resource] $ethe first: Animadversions upon the alterations of the rubrick in the Communion-Service, in the Common-Prayer-Book of the Church of England : the second: The Catholicks defence for their adoration of our Lord, as believed really and substantially present in the Holy Sacrament of the Eucharist 210 $aAt Oxford printed $c[s.n.]$d1687 215 $a[4], 32, [6], 38 p 300 $aReproduction of original in Bristol Publick Library, Bristol, England. 300 $aAttributed to Abraham Woodhead. cf. NUC pre-1956. 300 $aTable of contents: p. [3]-[4] and [3]-[5] 300 $a"Animadversions upon the alterations of the rubrick in the Communion-Service" has caption title. 300 $a"The Catholicks defence for their adoration of the body and blood of our Lord" has separate t.p. 330 $aeebo-0016 606 $aLord's Supper$vEarly works to 1800 606 $aTransubstantiation$vEarly works to 1800 615 0$aLord's Supper 615 0$aTransubstantiation 700 $aR. H$f1609-1678.$01001862 801 0$bEAA 801 1$bEAA 801 2$bm/c 801 2$bWaOLN 906 $aBOOK 912 $a996386317003316 996 $aTwo discourses concerning the adoration of a B. Saviour in the H. Eucharist$92394867 997 $aUNISA